Test - additions de double - Statistiques

Statistiques générales
  • Ce quiz a été pris 191 fois
    179 depuis la dernière actualisation
  • Le résultat moyen est 15 sur 24
Statistiques - réponses
Réponse % Correct
1
100%
2
98%
4
98%
8
96%
16
95%
32
94%
64
94%
128
93%
256
90%
512
88%
1024
87%
2048
87%
4096
86%
8192
71%
16384
57%
32768
47%
65536
37%
131072
29%
262144
28%
524288
22%
1048576
16%
2097152
11%
4194304
10%
8388608
9%
Aucun quiz correspondant
Distribution des résultats
% des personnes avec chaque résultat
Percentile par nombre de réponses
Votre historique - résultats
Vous n’avez pas pris ce quiz depuis la dernière actualisation